Theory and applications of partial differential equations /

Guardado en:
Autor Principal: Bassanini, Piero.
Otros Autores: Elcrat, Alan R.
Formato: Libro
Idioma:English
Publicado: New York : Plenum Press, c1997.
Series:Mathematical concepts and methods in science and engineering ; 46
Etiquetas: Agregar Etiqueta
Sin Etiquetas, Sea el primero en etiquetar este registro!
LEADER 00688nam a22001935a 4500
001 MAT.inmabb000030
008 970929s1997####nyua#####b####001#0#eng##
005 20190613154851.0
245 1 0 |a Theory and applications of partial differential equations /  |c Piero Bassanini and Alan R. Elcrat. 
260 |a New York :  |b Plenum Press,  |c c1997. 
300 |a ix, 439 p. ;  |c 24 cm. 
440 0 |a Mathematical concepts and methods in science and engineering ;  |v 46 
504 |a Includes bibliographical references and index. 
510 4 |a MR,  |c 99h:35001 
020 |a 0306456400 
100 1 |a Bassanini, Piero. 
700 1 |a Elcrat, Alan R. 
084 |a 35-01  |2 msc2000 
859 |h 35  |i B317  |p A-7726  |b BIB. MATEMATICA